الدليل الشامل لتطوير وتنمية الذات : (رقم التسجيلة. 80304)

تفاصيل مارك
000 -الفاتح
حقل البيانات ثابتة الطول 00991nam a2200241 4500
003 - محدد رقم الضبط
رقم الضبط OSt
005 - وقت وتاريخ اخر تعامل مع التسجيلة
رقم الضبط 20220622143443.0
008 - عناصر البيانات ثابتة الطول - معلومات عامة
حقل البيانات ثابتة الطول 220622b2016 jo ||||g |||| 00| 0 ara d
020 ## - الرقم الدولى المعيارى للكتب
الرقم الدولى المعيارى للكتاب 9789957992033
040 ## - مصدر الفهرسة
وكالة الفهرسة الأصلية Ma-Un
وكالة النسخ Ma-Un
082 04 - رقم تصنيف ديوى العشرى
رقم التصنيف 158.2
رقم المادة خ ع د
رقم الطبعة 21
100 1# - المدخل الرئيسى - إسم شخصى
الإسم الشخصى الخالدي، عصام
245 12 - بيان العنوان
العنوان الدليل الشامل لتطوير وتنمية الذات :
بقية العنوان طريقك إلى القمة والتميز في الحياة /
بيان المسئوليه,etc عصام الخالدي.
250 ## - بيان الطبعة
بيان الطبعة ط. 1.
260 ## - PUBLICATION, DISTRIBUTION, ETC. (IMPRINT)
مكان الناشر او الموزع عمان، الأردن :
اسم الناشر او الموزع دار أمجد للنشر والتوزيع،
تاريخ النشر أو التوزيع 2016
تاريخ النشر هجري 1437
300 ## - الوصف المادى
التعداد 191 ص. :
تفاصيل ماديه اخرى للوعاء إيض. ؛
أبعاد الوعاء 24 سم.
504 ## - تبصرة ببليوجرافية
تبصرة ببليوجرافية,الخ يشتمل على قائمة ببليوجرافية.
650 #7 - المدخل الاضافى بالموضوع-مصطلح موضوعى
مصطلح موضوعي أو اسم جغرافي كعنصر مدخل العلاقات الشخصية
التقسيم الفرعي العام جوانب نفسية
650 #7 - المدخل الاضافى بالموضوع-مصطلح موضوعى
مصطلح موضوعي أو اسم جغرافي كعنصر مدخل العلاقات الإنسانية
التقسيم الفرعي العام جوانب نفسية
650 #7 - المدخل الاضافى بالموضوع-مصطلح موضوعى
مصطلح موضوعي أو اسم جغرافي كعنصر مدخل علم النفس التطبيقي
650 #7 - المدخل الاضافى بالموضوع-مصطلح موضوعى
مصطلح موضوعي أو اسم جغرافي كعنصر مدخل النجاح
952 ## - LOCATION AND ITEM INFORMATION (KOHA)
نوع المادة فى نظام كوها كتاب
952 ## - LOCATION AND ITEM INFORMATION (KOHA)
نوع المادة فى نظام كوها كتاب
952 ## - LOCATION AND ITEM INFORMATION (KOHA)
نوع المادة فى نظام كوها كتاب
952 ## - LOCATION AND ITEM INFORMATION (KOHA)
نوع المادة فى نظام كوها كتاب
952 ## - LOCATION AND ITEM INFORMATION (KOHA)
نوع المادة فى نظام كوها كتاب
952 ## - LOCATION AND ITEM INFORMATION (KOHA)
نوع المادة فى نظام كوها كتاب
952 ## - LOCATION AND ITEM INFORMATION (KOHA)
نوع المادة فى نظام كوها كتاب
952 ## - LOCATION AND ITEM INFORMATION (KOHA)
نوع المادة فى نظام كوها كتاب
952 ## - LOCATION AND ITEM INFORMATION (KOHA)
نوع المادة فى نظام كوها كتاب
952 ## - LOCATION AND ITEM INFORMATION (KOHA)
نوع المادة فى نظام كوها كتاب
952 ## - LOCATION AND ITEM INFORMATION (KOHA)
نوع المادة فى نظام كوها كتاب
952 ## - LOCATION AND ITEM INFORMATION (KOHA)
نوع المادة فى نظام كوها كتاب
952 ## - LOCATION AND ITEM INFORMATION (KOHA)
نوع المادة فى نظام كوها كتاب
952 ## - LOCATION AND ITEM INFORMATION (KOHA)
نوع المادة فى نظام كوها كتاب
952 ## - LOCATION AND ITEM INFORMATION (KOHA)
نوع المادة فى نظام كوها كتاب
952 ## - LOCATION AND ITEM INFORMATION (KOHA)
نوع المادة فى نظام كوها كتاب
952 ## - LOCATION AND ITEM INFORMATION (KOHA)
نوع المادة فى نظام كوها كتاب
942 ## -
-- ddc
-- BOOK
المقتنيات
حالة الفقد نموذج السعر الفعال حالة تلف ليس للاعارة تاريخ الاكتساب رقم الطلب تاريخ الاكتساب الموقع الحالي الباركود الفرع الرئيسي Date last seen مصدر التصنيف او خطة الترفيف Total Checkouts
  2022-06-28   Not For Loan 2022-06-28 158.2 خ ع د 2022-06-28 CL 00177199 المكتبة المركزية بالمجمعة (CL) 2022-06-28 Dewey Decimal Classification  
  2022-06-28     2022-06-28 158.2 خ ع د 2022-06-28 CL 00177200 المكتبة المركزية بالمجمعة (CL) 2022-06-28 Dewey Decimal Classification  
  2022-06-28     2022-06-28 158.2 خ ع د 2022-06-28 CL 00177201 المكتبة المركزية بالمجمعة (CL) 2022-06-28 Dewey Decimal Classification  
  2022-06-28   Not For Loan 2022-06-28 158.2 خ ع د 2022-06-28 IC 00177202 قسم الاجراءات الفنية (IC) 2022-06-28 Dewey Decimal Classification  
  2022-06-28     2022-06-28 158.2 خ ع د 2022-06-28 IC 00177203 قسم الاجراءات الفنية (IC) 2022-06-28 Dewey Decimal Classification  
  2022-06-28   Not For Loan 2022-06-28 158.2 خ ع د 2022-06-28 IC 00177204 قسم الاجراءات الفنية (IC) 2022-06-28 Dewey Decimal Classification  
  2022-06-28     2022-06-28 158.2 خ ع د 2022-06-28 IC 00177205 قسم الاجراءات الفنية (IC) 2022-06-28 Dewey Decimal Classification  
  2022-06-28   Not For Loan 2022-06-28 158.2 خ ع د 2022-06-28 IC 00177210 قسم الاجراءات الفنية (IC) 2022-06-28 Dewey Decimal Classification  
  2022-06-28     2022-06-28 158.2 خ ع د 2022-06-28 IC 00177211 قسم الاجراءات الفنية (IC) 2022-06-28 Dewey Decimal Classification  
  2022-06-28   Not For Loan 2022-06-28 158.2 خ ع د 2022-06-28 IC 00177212 قسم الاجراءات الفنية (IC) 2022-06-28 Dewey Decimal Classification  
  2022-06-28     2022-06-28 158.2 خ ع د 2022-06-28 IC 00177213 قسم الاجراءات الفنية (IC) 2022-06-28 Dewey Decimal Classification  
  2022-06-28   Not For Loan 2022-06-28 158.2 خ ع د 2022-06-28 SRF 00177206 مكتبة كلية العلوم و الدراسات الإنسانية برماح - طالبات (SRF) 2022-06-28 Dewey Decimal Classification  
  2022-06-28     2022-06-28 158.2 خ ع د 2022-06-28 SRF 00177207 مكتبة كلية العلوم و الدراسات الإنسانية برماح - طالبات (SRF) 2022-06-28 Dewey Decimal Classification  
  2022-06-28   Not For Loan 2022-06-28 158.2 خ ع د 2022-06-28 SRM 00177208 مكتبة كلية العلوم و الدراسات الإنسانية برماح - طلاب (SRM) 2022-06-28 Dewey Decimal Classification  
  2022-06-28     2022-06-28 158.2 خ ع د 2022-06-28 SRM 00177209 مكتبة كلية العلوم و الدراسات الإنسانية برماح - طلاب (SRM) 2022-06-28 Dewey Decimal Classification  
  2022-06-28   Not For Loan 2022-06-28 158.2 خ ع د 2022-06-28 SZM 00177214 مكتبة مجمع الكليات بالزلفى - طلاب (SZM) 2022-06-28 Dewey Decimal Classification  
  2022-06-28     2022-06-28 158.2 خ ع د 2022-06-28 SZM 00177215 مكتبة مجمع الكليات بالزلفى - طلاب (SZM) 2022-06-28 Dewey Decimal Classification